<?xml version="1.0" encoding="UTF-8"?>
<marc:record xmlns:marc="http://www.loc.gov/MARC21/slim">
   <marc:leader>00000nam a2200000 a 4500</marc:leader>
   <marc:datafield ind1="1" ind2=" " tag="100">
      <marc:subfield code="a">Elzer-Peters, Katie</marc:subfield>
      <marc:subfield code="4">aut</marc:subfield>
      <marc:subfield code="e">Verfasser/-in</marc:subfield>
   </marc:datafield>
   <marc:datafield ind1="0" ind2="0" tag="245">
      <marc:subfield code="a">Regrow</marc:subfield>
   </marc:datafield>
   <marc:datafield ind1="0" ind2="0" tag="245">
      <marc:subfield code="c">Elzer-Peters, Katie</marc:subfield>
   </marc:datafield>
   <marc:datafield ind1=" " ind2="1" tag="264">
      <marc:subfield code="a">München</marc:subfield>
      <marc:subfield code="b">Bassermann</marc:subfield>
   </marc:datafield>
   <marc:datafield ind1="1" ind2=" " tag="520">
      <marc:subfield code="a">Angaben aus der Verlagsmeldung

Regrow: Neue Ernte aus Gemüseresten - Von Avocado bis Zwiebel. Die unkomplizierte Nachzucht aus Samen, Wurzeln, Stängeln oder Blättern : Im Blumentopf oder Wasserglas; auf Balkon, Terrasse oder Fensterbrett no-waste litchen gardening / von Katie Elzer-Peters

Viel zu schade für die Tonne

Aus Avocadokernen, Salatstrünken und 25 anderen Gemüseresten lassen sich mit wenig Aufwand und dem nötigen Know-how neue Pflanzen ziehen. Schritt-für-Schritt-Anleitungen zeigen, wie es geht: Ein Blumentopf oder Wasserglas, Wärme und die richtige Pflege, und schon wachsen auf dem Fensterbrett, dem Balkon oder der Terrasse Samen, Wurzeln, Stengel oder Blätter zu neuer Ernte heran.

</marc:subfield>
   </marc:datafield>
   <marc:datafield ind1=" " ind2=" " tag="020">
      <marc:subfield code="a">9783809441632</marc:subfield>
      <marc:subfield code="9">9783809441632</marc:subfield>
   </marc:datafield>
   <marc:datafield ind1=" " ind2=" " tag="020">
      <marc:subfield code="a">3809441635</marc:subfield>
      <marc:subfield code="9">3809441635</marc:subfield>
   </marc:datafield>
   <marc:datafield ind1=" " ind2=" " tag="041">
      <marc:subfield code="a">ger</marc:subfield>
   </marc:datafield>
   <marc:datafield ind1=" " ind2=" " tag="300">
      <marc:subfield code="a">127 Seiten</marc:subfield>
   </marc:datafield>
</marc:record>
